000 00606nam a2200301Ia 4500
005 20260401122114.0
008 008 250103s9999 xx 000 0 eng d
020 _a571179967
037 _aTB
040 _aEDL
040 _beng
040 _cEDL
041 _2eng
041 _aeng
084 _a882 AES
084 _qEDL
100 _aAeschylus
245 0 _aOresteia
245 0 _cAeschylus
260 _aLondon
260 _bFaber and Faber
260 _c1999
300 _a194p
942 _cTB
942 _h882 AES
999 _c1844942
_d1844942